Contingencia, hegemonía, universalidad: diálogos contemporáneos en la izquierda
Guardat en:
| Autors principals: | , , |
|---|---|
| Format: | Llibre |
| Idioma: | espanyol |
| Publicat: |
Buenos Aires
Fondo de Cultura Económica de Argentina
2000
|
| Col·lecció: | Sección de Obras de Política
|
| Matèries: | |
| Etiquetes: |
Afegir etiqueta
Sense etiquetes, Sigues el primer a etiquetar aquest registre!
|
MARC
| LEADER | 00000nam a2200000 a 4500 | ||
|---|---|---|---|
| 001 | UCL3853 | ||
| 003 | CL-VaPUC | ||
| 008 | 031212e20000000AG |||||||||||||||||spa|d | ||
| 020 | |a 9505575122 | ||
| 082 | 0 | 4 | |a 320.01 |b BUT |2 21 |
| 100 | 0 | |a Butler, Judith |e author |9 481282 | |
| 700 | |a Laclau, Ernesto |e author |9 490102 | ||
| 700 | 0 | |a Zizek, Slavoj |e author |9 481284 | |
| 245 | 1 | 0 | |a Contingencia, hegemonía, universalidad: diálogos contemporáneos en la izquierda |
| 300 | |a 329 p | ||
| 942 | |c BK | ||
| 945 | |d 20031212 00:00:00 |a cmena | ||
| 260 | |a Buenos Aires |b Fondo de Cultura Económica de Argentina |c 2000 | ||
| 650 | 7 | |a FILOSOFIA POLITICA |2 CL-VaPUC |9 481285 | |
| 650 | 0 | |a Globalización |9 361930 | |
| 650 | 0 | |a Filosofía contemporánea |9 265372 | |
| 583 | |a last modification |c 20031212 00:00:00 |k Rodrigo Vera | ||
| 490 | 0 | |a Sección de Obras de Política | |
| 999 | |c 306851 |d 306849 | ||
| 952 | |0 0 |1 0 |4 0 |6 320_010000000000000_BUT_2000 |7 0 |8 A |9 372258 |a BIBEDU |b BIBEDU |d 2019-11-21 |i 3966542 |o 320.01 BUT 2000 |p 3966542 |r 2019-11-21 |w 2019-11-21 |y BK |k PSI | ||
| 952 | |0 0 |1 0 |4 0 |6 320_010000000000000_BUT_2000 |7 0 |8 A |9 372259 |a BIBEDU |b BIBEDU |d 2019-11-21 |i 403662K |l 2 |o 320.01 BUT 2000 |p 403662K |r 2024-09-02 |s 2024-08-26 |w 2019-11-21 |y BK |k PSI | ||